LIBRARY ONLINE CATALOGUE

Totally Integrated Quality Education and Training for unity, equity and development. (Record no. 6429)

MARC details
000 -LEADER
fixed length control field 00733cam a22002172 4500
001 - CONTROL NUMBER
control field 0000003511
005 - DATE AND TIME OF LATEST TRANSACTION
control field 20151217151927.0
008 - FIXED-LENGTH DATA ELEMENTS--GENERAL INFORMATION
fixed length control field 070508s xx 000 0 eng d
020 ## - INTERNATIONAL STANDARD BOOK NUMBER
Terms of availability KES 500
040 ## - CATALOGING SOURCE
Original cataloging agency KABU
Transcribing agency KABU
050 #0 - LIBRARY OF CONGRESS CALL NUMBER
Classification number LA1561
Item number .K46 1999
110 2# - MAIN ENTRY--CORPORATE NAME
Corporate name or jurisdiction name as entry element Kenya.
Subordinate unit Commission of Inquiry into the Education System of Kenya TIQET.
-- 0000153482
245 10 - TITLE STATEMENT
Title Totally Integrated Quality Education and Training for unity, equity and development.
260 ## - PUBLICATION, DISTRIBUTION, ETC. (IMPRINT)
Place of publication, distribution, etc. Nairobi :
Name of publisher, distributor, etc. Govt. Printer,
Date of publication, distribution, etc. 1999.
300 ## - PHYSICAL DESCRIPTION
Extent xxxvii, 536 p.
650 #0 - SUBJECT ADDED ENTRY--TOPICAL TERM
Topical term or geographic name as entry element Education
Geographic subdivision Kenya
General subdivision History.
-- 0000153483
700 1# - ADDED ENTRY--PERSONAL NAME
Personal name Koech, Davy K.
-- 0000153484
852 1# - LOCATION
-- p800 KES
908 ## - PUT COMMAND PARAMETER (RLIN)
Put command parameter 070508
950 ## - LOCAL HOLDINGS (RLIN)
-- 1
Holdings
Withdrawn status Lost status Source of classification or shelving scheme Not for loan Home library Current library Date acquired Total Checkouts Full call number Barcode Date last seen Date last checked out Price effective from Koha item type
    Library of Congress Classification   Kabarak, Main Campus Kabarak, Main Campus 17/12/2015 3 LA1561 .K46 1999 c. 2 18013 17/12/2019 16/11/2018 17/12/2015 General Collection